| 000 | 01200cam a2200229 4500 | ||
|---|---|---|---|
| 001 | ABS63767 | ||
| 008 | 000000n2001 000 0 eng u | ||
| 035 | _a(Sirsi) u111795 | ||
| 100 | _aTutcher, S. | ||
| 245 | _aCome to the revaluation | ||
| 260 | _c2001 | ||
| 490 |
_aProperty Week _v66(13) 30 March 2001, 78(1) |
||
| 520 | _aLooks at the Valuation Office Agency's (VOA) programming of rating appeals, and discusses whether the timetable is overly ambitious. Notes that the VOA is prepared to be flexible during the early stages of the programming, and may be willing to negotiate beyond the allotted settlement date. Notes its plans to adopt a very different approach to the next expected revaluation in April 2005. Highlights some concerns about the intention to conduct extensive advance consultation, in a bid to curtail the number of appeals. Also considers the issuing of certificates for assessments that have been reduced after 1 April 2000. | ||
| 590 | _aABS | ||
| 650 | _aRATING APPEALS | ||
| 650 | _aRATING REVALUATION 2000 | ||
| 650 | _aVALUATION OFFICE AGENCY | ||
| 650 | _aTIMETABLE | ||
| 650 | _aCERTIFICATION | ||
| 690 | _aRATING AND LOCAL TAXATION | ||
| 942 | _n0 | ||
| 999 |
_c66614 _d66614 |
||